La formación continua en las empresas marroquíes del sector formal: Prácticas a menudo limitadas y políticas públicas ambiciosas pero obstaculizadas (notice n° 2035954)
[ vue normale ]
| 000 -LEADER | |
|---|---|
| fixed length control field | 01416cam a2200193 4500500 |
| 005 - DATE AND TIME OF LATEST TRANSACTION | |
| control field | 20260405000325.0 |
| 041 ## - LANGUAGE CODE | |
| Language code of text/sound track or separate title | fre |
| 042 ## - AUTHENTICATION CODE | |
| Authentication code | dc |
| 100 10 - MAIN ENTRY--PERSONAL NAME | |
| Personal name | Aventur, François |
| Relator term | author |
| 245 00 - TITLE STATEMENT | |
| Title | La formación continua en las empresas marroquíes del sector formal: Prácticas a menudo limitadas y políticas públicas ambiciosas pero obstaculizadas |
| 260 ## - PUBLICATION, DISTRIBUTION, ETC. | |
| Date of publication, distribution, etc. | 2026.<br/> |
| 500 ## - GENERAL NOTE | |
| General note | 1 |
| 520 ## - SUMMARY, ETC. | |
| Summary, etc. | El análisis de la encuesta realizada a una muestra representativa de empresas del sector formal marroquí muestra que el recurso a la formación continua de su personal es, en promedio, muy limitado y cuenta con pocos recursos. Se están produciendo fuertes desigualdades, que benefician a las grandes empresas y al personal más calificado. Las empresas que se inscriben en una lógica de mercado interno de empleo y en una estrategia económica dinámica son también las que más forman. Estos resultados ponen de manifiesto las deficiencias estructurales de un sistema institucional que debería promover un desarrollo más intenso, más cualificado y más igualitario de la formación continua. |
| 700 10 - ADDED ENTRY--PERSONAL NAME | |
| Personal name | Berhili, Saad-Ellah |
| Relator term | author |
| 700 10 - ADDED ENTRY--PERSONAL NAME | |
| Personal name | Chamkhi, Amine |
| Relator term | author |
| 700 10 - ADDED ENTRY--PERSONAL NAME | |
| Personal name | Verdier, Éric |
| Relator term | author |
| 786 0# - DATA SOURCE ENTRY | |
| Note | Formation emploi | - | 1 | 2026-02-04 | p. 110-134 | 0759-6340 |
| 856 41 - ELECTRONIC LOCATION AND ACCESS | |
| Uniform Resource Identifier | <a href="https://shs.cairn.info/revista-formation-emploi-2026-1-page-110?lang=es&redirect-ssocas=7080">https://shs.cairn.info/revista-formation-emploi-2026-1-page-110?lang=es&redirect-ssocas=7080</a> |
Pas d'exemplaire disponible.




Réseaux sociaux